000 00542cam a2200181 4500500
005 20260405001801.0
041 _afre
042 _adc
100 1 0 _aTenaillon, Nicolas
_eauthor
245 0 0 _aTempête. Deux novellas
260 _c2014.
500 _a53
690 _aCatherine Portevin
690 _aIdentité
690 _aLe Clézio
786 0 _nPhilosophie magazine | 80 | 6 | 2014-06-01 | p. 48-49 | 1951-1787
856 4 1 _uhttps://shs.cairn.info/magazine-philosophie-magazine-2014-6-page-48?lang=fr&redirect-ssocas=7080
999 _c2051038
_d2051038